000 01556cam a2200349 a 4500
001 EDZ0000082908
003 StDuBDS
005 20161031105207.0
006 m||||||||d||||||||
007 cr |||||||||||
008 120427s2010 caua fo| 001|0|eng d
020 _a9781452219066 (ebook) :
_cNo price
040 _aStDuBDS
_beng
_cStDuBDS
_epn
049 _aAlfaisal Main Library
050 0 _aQ181
_b.M1753 2010
082 0 4 _a507.1
_223
100 1 _aMarcarelli, Kellie.
245 1 0 _aTeaching science with interactive notebooks
_h[electronic resource] /
_cKellie Marcarelli.
260 _aThousand Oaks, Calif. :
_bCorwin ;
_aLondon :
_bSAGE,
_cc2010.
300 _a1 online resource (xvii, 173 p.) :
_bill.
504 _aIncludes bibliographical references and index.
520 8 _a'Teaching Science With Interactive Notebooks' gives science teachers everything they need to incorporate interactive notebooks into classroom teaching & learning. All of the how-to is here for using notebooks to promote deeper student learning critical & scientific thinking, & reinforcement of learning throughout the academic year.
521 _aSpecialized.
588 _aDescription based on print version record.
650 0 _aScience
_xStudy and teaching.
650 0 _aSchool notebooks.
655 7 _aElectronic books.
_2local
710 2 _aSage eBooks
776 0 8 _iPrint version :
_z9781412954037
856 4 0 _uhttp://ezproxy.alfaisal.edu/login?url=http://sk.sagepub.com/books/teaching-science-with-interactive-notebooks
942 _2lcc
_cEBOOKS
999 _c481413
_d481413